Online
Catalog

Sociedad 1 : (Record no. 50866)

MARC details
000 -CABECERA
campo de control de longitud fija 01862nam a22003857a 4500
003 - IDENTIFICADOR DEL NÚMERO DE CONTROL
campo de control DO-SdBNP
005 - FECHA Y HORA DE LA ÚLTIMA TRANSACCIÓN
campo de control 20250429112052.0
007 - CAMPO FIJO DE DESCRIPCIÓN FÍSICA--INFORMACIÓN GENERAL
campo de control de longitud fija ta
008 - DATOS DE LONGITUD FIJA--INFORMACIÓN GENERAL
campo de control de longitud fija 211103b2009 abc|| |||| 00| 0 spa d
020 ## - NÚMERO INTERNACIONAL ESTÁNDAR DEL LIBRO
Número Internacional Estándar del Libro 9789945114522
040 ## - FUENTE DE LA CATALOGACIÓN
Centro catalogador/agencia de origen DO-SdBNP
Lengua de catalogación spa
Centro/agencia transcriptor BNPHU
082 4# - NÚMERO DE LA CLASIFICACIÓN DECIMAL DEWEY
Número de edición 22
Número de clasificación 372.89045
Número de documento/Ítem S678
245 10 - MENCIÓN DE TÍTULO
Título Sociedad 1 :
Resto del título primer grado ; primer ciclo ; educación media /
Mención de responsabilidad, etc. Fanny Capellán ...[et.al]
260 ## - PUBLICACIÓN, DISTRIBUCIÓN, ETC.
Lugar de publicación, distribución, etc. Santo Domingo :
Nombre del editor, distribuidor, etc. Santillana,
Fecha de publicación, distribución, etc. 2009.
300 ## - DESCRIPCIÓN FÍSICA
Extensión 295 p. :
Otras características físicas il.; map; fots.
Dimensiones 27 cm
490 ## - MENCIÓN DE SERIE
Mención de serie Coral
500 ## - NOTA GENERAL
Nota general Libro de texto.
500 ## - NOTA GENERAL
Nota general Primero de bachillerato.
505 ## - NOTA DE CONTENIDO CON FORMATO
Nota de contenido con formato Bloque 1.
Título 1.Las ciencias sociales --
-- 2.Los orígenes de la humanidad --
-- 3. Culturas clásicas del oriente --
-- 4. La civilización griega --
-- 5. Civilización romana --
505 ## - NOTA DE CONTENIDO CON FORMATO
Nota de contenido con formato Bloque 2.
Título Proyecto --
-- 6.El imperio Bizantino --
-- 7. El Islam --
-- Proyecto --
505 ## - NOTA DE CONTENIDO CON FORMATO
Nota de contenido con formato Bloque 3.
Título 8. Edad Media y sociedad feudal --<br/>
-- 9.Edad Moderna --
-- Proyecto --
505 ## - NOTA DE CONTENIDO CON FORMATO
Nota de contenido con formato Bloque 4.
Título 10. La edad contemporanea --
-- 11. Los cambios del siglo XX --
-- 12. Introducción a la geografía --
-- 13. Localización, límites y superficies --
505 ## - NOTA DE CONTENIDO CON FORMATO
Nota de contenido con formato Bloque 6.
Título 18. La economía de los continentes --
-- 19. Medio geográfico y modo de vida --
-- 20. El mundo organizado --
-- Proyecto --
505 ## - NOTA DE CONTENIDO CON FORMATO
Nota de contenido con formato Bloque 5.
Título 14. El medio físico --
-- 15. Paisajes: Europa, Asia y Oceanía --
-- 16. Äfrica, América y Antártida --
-- 17. La población mundial --
590 ## - NOTA LOCAL (RLIN)
Nota local Inventariado, 2021 / SA
650 40 - PUNTO DE ACCESO ADICIONAL DE MATERIA--TÉRMINO DE MATERIA
Término de materia o nombre geográfico como elemento de entrada Sociedad
Subdivisión general Historia
9 (RLIN) 80469
650 40 - PUNTO DE ACCESO ADICIONAL DE MATERIA--TÉRMINO DE MATERIA
Término de materia o nombre geográfico como elemento de entrada Historia antigua
9 (RLIN) 18158
650 40 - PUNTO DE ACCESO ADICIONAL DE MATERIA--TÉRMINO DE MATERIA
Término de materia o nombre geográfico como elemento de entrada Geografía Universal
Subdivisión general Enseñaza
9 (RLIN) 65153
650 40 - PUNTO DE ACCESO ADICIONAL DE MATERIA--TÉRMINO DE MATERIA
Término de materia o nombre geográfico como elemento de entrada Historia
Subdivisión general Geografia Universal
9 (RLIN) 80472
700 ## - PUNTO DE ACCESO ADICIONAL--NOMBRE DE PERSONA
9 (RLIN) 29221
Nombre de persona Castro Catrain, Margarita
700 ## - PUNTO DE ACCESO ADICIONAL--NOMBRE DE PERSONA
9 (RLIN) 61881
Nombre de persona Acosta, Ignacio Aybar
700 ## - PUNTO DE ACCESO ADICIONAL--NOMBRE DE PERSONA
9 (RLIN) 23170
Nombre de persona Castro Ricart, Eric
910 ## - DATOS DE OPCIÓN DEL USUARIO (OCLC)
Datos de opción del usuario Saquino
942 ## - ELEMENTOS DE PUNTO DE ACCESO ADICIONAL (KOHA)
Fuente del sistema de clasificación o colocación Dewey Decimal Classification
Tipo de ítem Koha Libro
Holdings
Estado de retiro Estado de pérdida Fuente del sistema de clasificación o colocación Restricciones de uso No para préstamo Código de colección Localización permanente Ubicación/localización actual Ubicación en estantería Fecha de adquisición Fuente de adquisición Total de préstamos Signatura topográfica completa Código de barras Fecha visto por última vez Número de copia Precio válido a partir de Tipo de ítem Koha Nota pública
    Dewey Decimal Classification Excluido de préstamo   Monografías: Libros y Folletos Biblioteca Nacional Pedro Henríquez Ureña Patrimonio Dominicano En catalogación 12.04.2019 Donado   BNPHU PD 372.89045 S678 2021-27802 03.11.2021 1ro. Bach. 03.11.2021 Libro S/A

Powered by Koha